[Event "Int. Stuttgarter Stadtmeisterschaft B"]
[Site "Ditzingen"]
[Date "2016.05.06"]
[Round "4.43"]
[White "Bueble, Joschua"]
[Black "Kobald, Jacqueline"]
[Result "0-1"]
[WhiteElo "1343"]
[BlackElo "1559"]
[PlyCount "88"]
[EventDate "2016.??.??"]
[WhiteTeam "SV Stockenhausen-Frommern"]
[BlackTeam "SV Stuttgart-Wolfbusch"]

1. d4 Nf6 2. c4 g6 3. Nc3 Bg7 4. e4 d6 5. f3 O-O 6. Nge2 Nc6 7. Be3 e5 8. a3 a5
9. Rb1 Ne8 10. d5 Ne7 11. Ng3 f5 12. exf5 gxf5 13. Bg5 Nf6 14. Bd3 Qe8 15. O-O
f4 16. Nge4 Qh5 17. Nxf6+ Bxf6 18. Bxf6 Rxf6 19. Be4 Bd7 20. Qb3 b6 21. Nb5 Kh8
22. h3 Rg8 23. Rf2 Rh6 24. Kf1 Nf5 25. Bxf5 Bxf5 26. Re1 Qg6 27. Ke2 Qf7 28.
Kd1 Rhg6 29. Ree2 Rg3 30. Qc3 h6 31. Qd2 Qh7 32. Nc3 Bd3 33. Re1 Bxc4 34. Rg1
Qf7 35. Kc1 Rxh3 36. Re1 Rh2 37. Rg1 Qh5 38. Ne4 Qf7 39. Nc3 b5 40. Rd1 b4 41.
axb4 axb4 42. Ne2 Rgxg2 43. Rxg2 Rxg2 44. Re1 b3 0-1

[Event "Int. Stuttgarter Stadtmeisterschaft B"]
[Site "Ditzingen"]
[Date "2016.05.06"]
[Round "4.44"]
[White "Krivoborodov, Vasily"]
[Black "Kayser, Florian"]
[Result "1-0"]
[WhiteElo "1629"]
[BlackElo "1295"]
[PlyCount "123"]
[EventDate "2016.??.??"]
[BlackTeam "TSV/RSK Esslingen"]

1. e4 c5 2. Nf3 d6 3. d4 cxd4 4. Nxd4 Nf6 5. Nc3 a6 6. Be2 e6 7. O-O Be7 8. Be3
Nbd7 9. f4 Nc5 10. Bf3 Bd7 11. b4 Na4 12. Nce2 O-O 13. Qd2 Rc8 14. c3 Nb6 15.
Qe1 Nc4 16. Qf2 Nxe3 17. Qxe3 Qb6 18. Qf2 Rc4 19. e5 Nd5 20. Bxd5 exd5 21. Nf3
Qc7 22. Qg3 Rc8 23. Nd2 Rc6 24. f5 dxe5 25. f6 Bxf6 26. Rf2 Qb6 27. Kh1 e4 28.
Nb3 Bxc3 29. Raf1 f6 30. Nc5 Be5 31. Nxd7 Bxg3 32. Nxb6 Rxb6 33. Nxg3 Rxb4 34.
Nf5 Rc7 35. Rd2 g6 36. Nd4 Kf7 37. Rg1 f5 38. Nb3 Ke6 39. Rgd1 e3 40. Re2 Re4
41. g3 Rd7 42. Nd4+ Ke5 43. Nf3+ Kf6 44. h4 h6 45. Nd4 g5 46. hxg5+ hxg5 47.
Kg2 g4 48. Ree1 Ke5 49. Ne2 d4 50. Nf4 Rc7 51. Nd3+ Kd5 52. Nb4+ Ke5 53. Nd3+
Kd6 54. Rc1 Rce7 55. Rc8 Rd7 56. Nc5 Rf7 57. Nxe4+ fxe4 58. Rd8+ Ke7 59. Rxd4
Rf2+ 60. Kg1 Rf3 61. Rxe4+ Kf6 62. Rxg4 1-0

[Event "Int. Stuttgarter Stadtmeisterschaft B"]
[Site "Ditzingen"]
[Date "2016.05.06"]
[Round "4.46"]
[White "Meinecke, Klaus-Hinrich"]
[Black "Weisensel, Wolfgang"]
[Result "0-1"]
[WhiteElo "1783"]
[BlackElo "1685"]
[PlyCount "111"]
[EventDate "2016.??.??"]
[WhiteTeam "TSV Münchingen"]
[BlackTeam "Stuttgarter SF"]

1. e4 e5 2. f4 exf4 3. Bc4 c6 4. Nf3 d5 5. exd5 cxd5 6. Bb5+ Bd7 7. Bxd7+ Qxd7
8. O-O Nf6 9. d4 Nc6 10. Bxf4 Be7 11. Re1 O-O 12. h3 Rac8 13. c3 Rfe8 14. Nbd2
h6 15. Kh1 Bd6 16. Be5 Re6 17. Qc2 Rce8 18. Bxd6 Qxd6 19. Rxe6 Rxe6 20. Re1
Rxe1+ 21. Nxe1 Qe7 22. Ndf3 Qe6 23. Nd3 Qe8 24. Nde5 Ne7 25. g4 Nh7 26. Kg2 Ng5
27. Nxg5 hxg5 28. Qf2 f6 29. Nd3 b6 30. Qe2 Qd7 31. Nb4 Ng6 32. Nd3 Qe7 33.
Qxe7 Nxe7 34. b4 Kf7 35. Kf3 Ke6 36. a4 Kd6 37. a5 Kc6 38. axb6 axb6 39. Kg3
Kb5 40. Nb2 Ng6 41. Kf3 Ne7 42. Kg3 Nc8 43. Kf3 Nd6 44. Nd1 Ne4 45. Ke3 Kc4 46.
Nb2+ Kxc3 47. Na4+ Kxb4 48. Nxb6 Nc3 49. Kd3 Kb5 50. Kxc3 Kxb6 51. Kb4 g6 52.
Kb3 f5 53. gxf5 gxf5 54. Kc3 Ka5 55. Kd3 Kb6 56. Ke3 0-1

[Event "Int. Stuttgarter Stadtmeisterschaft B"]
[Site "Ditzingen"]
[Date "2016.05.06"]
[Round "4.47"]
[White "Schmitz, Harald"]
[Black "Sinner, Viktor"]
[Result "0-1"]
[WhiteElo "1691"]
[BlackElo "1533"]
[PlyCount "120"]
[EventDate "2016.??.??"]
[WhiteTeam "SC Aidlingen"]
[BlackTeam "TSV/RSK Esslingen"]

1. e4 c6 2. d4 d5 3. exd5 cxd5 4. c4 Nc6 5. Nf3 Nf6 6. Nc3 Bf5 7. Bf4 e6 8. c5
Be7 9. Bd3 Bxd3 10. Qxd3 Nh5 11. Be3 a6 12. O-O Qc7 13. Rfb1 Nf4 14. Qd2 Ng6
15. b4 O-O 16. a4 b6 17. b5 Na5 18. cxb6 Qxb6 19. Qd3 Nc4 20. bxa6 Qxa6 21. Nb5
Rfc8 22. Nd2 Nxd2 23. Qxd2 Rc4 24. a5 Rac8 25. Qe1 Nh4 26. f3 Nf5 27. Bf2 Bf6
28. Na3 Bxd4 29. Bxd4 Rxd4 30. Rc1 Rxc1 31. Qxc1 h6 32. Qc3 Ra4 33. Rb1 Qxa5
34. Qc8+ Kh7 35. Nb5 Ra1 36. Qc1 Rxb1 37. Qxb1 Qb6+ 38. Kh1 g6 39. Qd3 Qa6 40.
Qb1 Qb6 41. Qd3 Qf2 42. Qb1 Ne3 43. Qg1 Qxg1+ 44. Kxg1 e5 45. Kf2 Nc4 46. Ke2
f6 47. Kd3 Kg8 48. Nc3 Nb6 49. Nb5 Kf7 50. g3 Ke6 51. g4 f5 52. h3 e4+ 53. fxe4
dxe4+ 54. Kd4 Nd7 55. Nc7+ Kf6 56. Nd5+ Kg5 57. Ne7 Nf6 58. gxf5 gxf5 59. h4+
Kg4 60. Ng6 Kf3 0-1

[Event "Int. Stuttgarter Stadtmeisterschaft B"]
[Site "Ditzingen"]
[Date "2016.05.06"]
[Round "4.48"]
[White "Herbst, Karin"]
[Black "Schneider, Waldemar"]
[Result "1/2-1/2"]
[WhiteElo "1601"]
[BlackElo "1818"]
[PlyCount "94"]
[EventDate "2016.??.??"]
[WhiteTeam "SG Fasanenhof"]
[BlackTeam "SC Pforzheim"]

1. c4 e5 2. Nc3 Nc6 3. Nf3 d6 4. d4 exd4 5. Nxd4 Bd7 6. Bf4 Nf6 7. e3 Be7 8.
Be2 O-O 9. O-O a6 10. Rc1 Re8 11. Bf3 Rb8 12. Nxc6 Bxc6 13. Bxc6 bxc6 14. b3 a5
15. h3 h6 16. Qf3 Qd7 17. Rfd1 Nh7 18. Bg3 Ng5 19. Qe2 Bf6 20. Qc2 Bxc3 21.
Qxc3 Ne4 22. Qe1 Nxg3 23. fxg3 c5 24. Rd3 a4 25. Qf2 axb3 26. axb3 Re4 27. Re1
Rbe8 28. Qf3 Qe6 29. Kh2 Qg6 30. Rd5 c6 31. Rd2 Qg5 32. Rxd6 Rxe3 33. Rxe3 Rxe3
34. Qf4 Rxb3 35. Rxc6 Qe7 36. Qf5 g6 37. Qxc5 Qxc5 38. Rxc5 g5 39. g4 Kg7 40.
Rf5 Rc3 41. c5 Kg6 42. Rd5 f6 43. Kg1 h5 44. Kf2 hxg4 45. hxg4 Kf7 46. g3 Ke6
47. Rf5 Rc2+ 1/2-1/2

[Event "Int. Stuttgarter Stadtmeisterschaft B"]
[Site "Ditzingen"]
[Date "2016.05.06"]
[Round "4.50"]
[White "Pibernik, Dario"]
[Black "Knolmayer, Volker"]
[Result "0-1"]
[WhiteElo "1562"]
[BlackElo "1701"]
[PlyCount "93"]
[EventDate "2016.??.??"]
[WhiteTeam "SV Schorndorf"]
[BlackTeam "SG Bettringen"]

1. e4 e5 2. Nf3 Nc6 3. d4 exd4 4. Nxd4 Be7 5. Nc3 a6 6. Nf5 Bf6 7. Nd5 g6 8.
Nxc7+ Qxc7 9. Nd6+ Ke7 10. Bf4 Ne5 11. Nc4 Nd3+ 12. Qxd3 Qxf4 13. Qa3+ d6 14.
Rd1 Qxe4+ 15. Be2 Be5 16. Nxd6 Qxg2 17. Bf3 Qh3 18. Nxc8+ Kf6 19. Nb6 Re8 20.
Nd5+ Kg7 21. Be2 Qxa3 22. bxa3 Ne7 23. Nb4 Nf5 24. Rd7 Bc3+ 25. Kf1 Nd4 26. Bc4
Rhf8 27. Rxb7 Nf3 28. Bxa6 Re1+ 29. Kg2 Nh4+ 30. Kh3 Rxh1 31. Kxh4 Rxh2+ 32.
Kg3 Rh5 33. Nd3 Ra5 34. Bc4 Rxa3 35. Bb3 Ra5 36. Kg4 h5+ 37. Kh3 Rf5 38. Kg2
Bd4 39. a4 h4 40. Be6 Rf6 41. Bh3 Ra6 42. Rb4 Bf6 43. c4 Rd8 44. Nc5 Raa8 45.
Rb5 Bd4 46. Nb7 Rdb8 47. a5 0-1

[Event "Int. Stuttgarter Stadtmeisterschaft B"]
[Site "Ditzingen"]
[Date "2016.05.06"]
[Round "4.51"]
[White "Krebs, Thomas"]
[Black "Dendic, Amar"]
[Result "0-1"]
[WhiteElo "1508"]
[BlackElo "1604"]
[PlyCount "76"]
[EventDate "2016.??.??"]
[WhiteTeam "SK Gerlingen"]
[BlackTeam "Stuttgarter SF"]

1. e4 e5 2. Nf3 Nc6 3. Bb5 a6 4. Ba4 Nf6 5. O-O b5 6. Bb3 Bc5 7. d3 d6 8. Bg5
h6 9. Be3 Bb6 10. Bxb6 cxb6 11. h3 Na5 12. Nbd2 Nxb3 13. Nxb3 O-O 14. Qe2 Bb7
15. Rad1 Qe7 16. c3 Nd7 17. d4 f5 18. dxe5 dxe5 19. Nfd2 fxe4 20. Nxe4 Rf4 21.
f3 Raf8 22. g3 R4f7 23. Nd6 Bxf3 24. Qd2 Rf6 25. Nc8 Rxc8 26. Qxd7 Qxd7 27.
Rxd7 Rcf8 28. Re7 Rg6 29. Rxe5 Rxg3+ 30. Kf2 Rxh3 31. Ke1 g5 32. Re6 Kg7 33.
Nd2 g4 34. Nxf3 Rhxf3 35. Rh1 R8f6 36. Re7+ Kg6 37. Re5 R3f5 38. Re3 h5 0-1

[Event "Int. Stuttgarter Stadtmeisterschaft B"]
[Site "Ditzingen"]
[Date "2016.05.06"]
[Round "4.52"]
[White "Hornung, Richard"]
[Black "Forster, Lukas"]
[Result "0-1"]
[WhiteElo "1662"]
[BlackElo "1600"]
[PlyCount "56"]
[EventDate "2016.??.??"]
[WhiteTeam "SG Schwabing München"]
[BlackTeam "Stuttgarter SF"]

1. Nf3 Nf6 2. b3 g6 3. Bb2 Bg7 4. d4 O-O 5. e3 d6 6. Be2 Nbd7 7. O-O c6 8. Nbd2
Re8 9. c4 e5 10. dxe5 dxe5 11. e4 Qe7 12. a3 Nh5 13. Ne1 Nf4 14. Bf3 h5 15. g3
Nh3+ 16. Kh1 Nf8 17. Bg2 h4 18. Bxh3 Bxh3 19. Rg1 Rad8 20. Qe2 Ne6 21. Ndf3 Bg4
22. gxh4 Qxh4 23. Qe3 Qh5 24. Rb1 Nd4 25. Nxe5 Bxe5 26. f4 Bg7 27. Qg3 Bf3+ 28.
Nxf3 Qxf3+ 0-1

[Event "Int. Stuttgarter Stadtmeisterschaft B"]
[Site "Ditzingen"]
[Date "2016.05.06"]
[Round "4.53"]
[White "Dallinger, Moritz"]
[Black "Funk, Christian"]
[Result "1-0"]
[WhiteElo "1570"]
[BlackElo "1411"]
[PlyCount "67"]
[EventDate "2016.??.??"]
[WhiteTeam "SV Stuttgart-Wolfbusch"]
[BlackTeam "Ssg Fils-Lauter"]

1. e4 e5 2. Nf3 Nc6 3. Bb5 d6 4. c3 Bg4 5. h3 Bh5 6. d3 Be7 7. O-O Nf6 8. Re1
O-O 9. Nbd2 a6 10. Ba4 b5 11. Bb3 Na5 12. Bc2 c6 13. Nf1 Qc7 14. Ng3 Bg6 15.
Nh4 Nb7 16. Ngf5 Kh8 17. Bg5 h6 18. Bd2 Bh7 19. Qf3 d5 20. exd5 Nxd5 21. Qg3
Bf6 22. d4 Nf4 23. dxe5 Bxe5 24. Bxf4 f6 25. Rxe5 g5 26. Re7 Qxf4 27. Qxf4 gxf4
28. Rxb7 a5 29. Re1 Rad8 30. Ree7 Bxf5 31. Nxf5 Rfe8 32. Rh7+ Kg8 33. Nxh6+ Kf8
34. Rbf7# 1-0

[Event "Int. Stuttgarter Stadtmeisterschaft B"]
[Site "Ditzingen"]
[Date "2016.05.06"]
[Round "4.54"]
[White "Richter, Gerrit"]
[Black "Wagner, Herbert"]
[Result "0-1"]
[WhiteElo "1561"]
[BlackElo "1404"]
[PlyCount "38"]
[EventDate "2016.??.??"]
[WhiteTeam "TSV/RSK Esslingen"]
[BlackTeam "SC Kreut"]

1. e4 e6 2. d4 d5 3. exd5 exd5 4. Nf3 Nf6 5. Bd3 Bd6 6. O-O O-O 7. Re1 Bg4 8.
c3 c5 9. Bg5 c4 10. Bc2 Nbd7 11. Nbd2 h6 12. Bxf6 Nxf6 13. Qb1 Qd7 14. Qd1 Rae8
15. Rxe8 Rxe8 16. Rc1 Bf4 17. g3 Bxd2 18. Qxd2 Bxf3 19. Re1 Qh3 0-1

[Event "Int. Stuttgarter Stadtmeisterschaft B"]
[Site "Ditzingen"]
[Date "2016.05.06"]
[Round "4.55"]
[White "Blum, Michael"]
[Black "Lin, Jean-Claude"]
[Result "1-0"]
[WhiteElo "1537"]
[BlackElo "1347"]
[PlyCount "119"]
[EventDate "2016.??.??"]
[WhiteTeam "SC Aidlingen"]
[BlackTeam "SC Sillenbuch"]

1. e4 c5 2. Nf3 Nc6 3. d4 cxd4 4. Nxd4 Nf6 5. Nc3 e5 6. Ndb5 d6 7. Bc4 a6 8.
Na3 b5 9. Bd5 Bd7 10. Ne2 Rc8 11. c3 Ne7 12. Bg5 Bc6 13. Bxc6+ Rxc6 14. Ng3 h6
15. Be3 g6 16. O-O h5 17. Bg5 Neg8 18. Qe2 Bh6 19. Bxh6 Nxh6 20. h3 h4 21. Nh1
Nh5 22. Rad1 O-O 23. g3 Qg5 24. Kh2 f5 25. Rd3 f4 26. gxh4 Qxh4 27. Rg1 Kh7 28.
f3 Qf6 29. Nc2 Rg8 30. Nb4 Rcc8 31. Nxa6 Rg7 32. Nb4 Qe6 33. a3 Rcg8 34. Rd5
Nf6 35. Rdd1 g5 36. Nf2 g4 37. fxg4 Nhxg4+ 38. Nxg4 Nxg4+ 39. Kh1 Qh6 40. Rd3
Ne3 41. Rxg7+ Qxg7 42. Qh5+ Qh6 43. Qxh6+ Kxh6 44. Rxd6+ Kh5 45. Nd5 Kh4 46.
Rh6+ Kg3 47. Nf6 Rg5 48. h4 Rg4 49. Nxg4 Nxg4 50. Rh8 Nf2+ 51. Kg1 Nxe4 52. h5
f3 53. Rg8+ Kh4 54. h6 Nf6 55. Rg7 Kh5 56. h7 Nxh7 57. Rxh7+ Kg6 58. Rd7 e4 59.
Rd5 e3 60. Kf1 1-0

[Event "Int. Stuttgarter Stadtmeisterschaft B"]
[Site "Ditzingen"]
[Date "2016.05.06"]
[Round "4.56"]
[White "Klüppel, Werner"]
[Black "Hauger, Albrecht"]
[Result "1/2-1/2"]
[WhiteElo "1392"]
[BlackElo "1429"]
[PlyCount "40"]
[EventDate "2016.??.??"]
[WhiteTeam "SC Pforzheim"]
[BlackTeam "SC Magstadt"]

1. e4 c5 2. Nf3 d6 3. d4 cxd4 4. Nxd4 Nc6 5. Nxc6 bxc6 6. Bd3 e5 7. Nd2 Be7 8.
Nf3 Be6 9. O-O h6 10. c4 Nf6 11. Re1 Nh7 12. b3 Bg5 13. Nxg5 Nxg5 14. Bxg5 Qxg5
15. Re3 Qe7 16. Rg3 g6 17. Qd2 c5 18. f4 Bd7 19. Rf1 O-O-O 20. b4 Rdf8 1/2-1/2

[Event "Int. Stuttgarter Stadtmeisterschaft B"]
[Site "Ditzingen"]
[Date "2016.05.07"]
[Round "5.1"]
[White "Shahisavandi, Abdollah"]
[Black "Kleih, Julian"]
[Result "0-1"]
[WhiteElo "1848"]
[BlackElo "1887"]
[PlyCount "88"]
[EventDate "2016.??.??"]
[WhiteTeam "Karlsruher SF"]
[BlackTeam "SV Dettingen Erms"]

1. e4 c5 2. Nf3 Nc6 3. d4 cxd4 4. Nxd4 g6 5. Nc3 Bg7 6. Be3 Nf6 7. Be2 O-O 8.
h4 d5 9. exd5 Nxd5 10. Nxd5 Qxd5 11. Bf3 Qa5+ 12. Bd2 Qe5+ 13. Ne2 Rd8 14. Bxc6
bxc6 15. O-O Ba6 16. Re1 Qxb2 17. Rb1 Qxa2 18. Qc1 Bxe2 19. Rxe2 Rab8 20. Rxb8
Rxb8 21. Re1 Bb2 22. Qd1 Rd8 23. Qe2 Bf6 24. Bh6 Qd5 25. c4 Qd3 26. Qxd3 Rxd3
27. Rb1 Rd8 28. Rb7 Ra8 29. g3 a5 30. Rb3 a4 31. Ra3 Bb2 32. Ra2 a3 33. Kf1 Ra4
34. c5 Rc4 35. Be3 Rc2 36. Kg2 e5 37. Kf3 f5 38. Kg2 Kf7 39. Kh3 Ke6 40. h5
gxh5 41. Kh4 f4 42. gxf4 exf4 43. Bd4 Kd5 44. Bg7 Bf6+ 0-1

[Event "Int. Stuttgarter Stadtmeisterschaft B"]
[Site "Ditzingen"]
[Date "2016.05.07"]
[Round "5.2"]
[White "Longo, Massimo"]
[Black "Jäger, Hans-Ulrich"]
[Result "1-0"]
[WhiteElo "1719"]
[BlackElo "1855"]
[PlyCount "53"]
[EventDate "2016.??.??"]
[WhiteTeam "SK Gräfelfing"]
[BlackTeam "SC Sillenbuch"]

1. d4 d5 2. c4 e6 3. Nc3 c5 4. cxd5 cxd4 5. Qxd4 Nc6 6. Qa4 exd5 7. e4 dxe4 8.
Bb5 Bd7 9. Nd5 Bd6 10. Qxe4+ Nge7 11. Ne2 O-O 12. Nxe7+ Nxe7 13. Bxd7 Qxd7 14.
O-O Rae8 15. Qf3 Ng6 16. Ng3 Re6 17. Qb3 Nh4 18. Bg5 Bxg3 19. hxg3 Rh6 20. Qa3
Nf5 21. Rfd1 Qc8 22. Rac1 Rc6 23. Rxc6 Qxc6 24. Qxa7 h6 25. Bf4 Re8 26. Qa5 b6
27. Qxf5 1-0

[Event "Int. Stuttgarter Stadtmeisterschaft B"]
[Site "Ditzingen"]
[Date "2016.05.07"]
[Round "5.3"]
[White "Kozina, Vinko"]
[Black "Pfeilsticker, Thorsten"]
[Result "1-0"]
[WhiteElo "1855"]
[BlackElo "1560"]
[PlyCount "125"]
[EventDate "2016.??.??"]
[WhiteTeam "TSV/RSK Esslingen"]
[BlackTeam "SV Stuttgart-Wolfbusch"]

1. e4 c5 2. Nf3 a6 3. c3 b5 4. d4 e6 5. Bd3 Bb7 6. O-O Qc7 7. Bg5 d6 8. Nbd2
Nd7 9. Qe2 h6 10. Bh4 Be7 11. Bg3 c4 12. Bc2 e5 13. Nh4 g6 14. a4 Ngf6 15. h3
Nh5 16. Ndf3 O-O 17. Bh2 Qd8 18. g3 Rb8 19. Rad1 Qc8 20. g4 Nf4 21. Bxf4 exf4
22. Ng2 g5 23. axb5 axb5 24. Bb1 Kg7 25. Nge1 Nf6 26. d5 Rh8 27. Nd4 Qd7 28.
Nf5+ Kf8 29. Kg2 h5 30. Rh1 Bc8 31. Nc2 Qb7 32. f3 Bxf5 33. gxf5 h4 34. Nb4 Nh5
35. Qd2 Rh6 36. Nc6 Rc8 37. Rhe1 Nf6 38. Kh2 Nd7 39. Nxe7 Kxe7 40. Rg1 f6 41.
Kg2 Nc5 42. Bc2 Ra8 43. Qd4 Nd7 44. Ra1 Rhh8 45. Kf2 Rxa1 46. Rxa1 Ra8 47. Rb1
Ra2 48. Ke2 Ne5 49. Qf2 b4 50. cxb4 Qxb4 51. Qd4 Qb5 52. Qc3 Qa6 53. Kd2 Qb6
54. Ke2 Nd3 55. Bxd3 Qe3+ 56. Kd1 Qxf3+ 57. Be2 Qxe4 58. Rc1 Qxd5+ 59. Ke1 Qxf5
60. Qxc4 Qa5+ 61. Kf1 Rxb2 62. Qe4+ Qe5 63. Qh7+ 1-0

[Event "Int. Stuttgarter Stadtmeisterschaft B"]
[Site "Ditzingen"]
[Date "2016.05.07"]
[Round "5.4"]
[White "Paschmann, Stefan"]
[Black "Löchel, Günter"]
[Result "1/2-1/2"]
[WhiteElo "1869"]
[BlackElo "1744"]
[PlyCount "22"]
[EventDate "2016.??.??"]
[WhiteTeam "Krefelder SK Turm"]
[BlackTeam "SC Kreut"]

1. d4 d5 2. Nf3 Nf6 3. Bf4 Bf5 4. e3 e6 5. Nbd2 Bd6 6. Be2 Bxf4 7. exf4 Nc6 8.
c3 Ne4 9. Ne5 Nxe5 10. fxe5 O-O 11. Nxe4 Bxe4 1/2-1/2

[Event "Int. Stuttgarter Stadtmeisterschaft B"]
[Site "Ditzingen"]
[Date "2016.05.07"]
[Round "5.5"]
[White "Winkler, Tim"]
[Black "Lehmann, Joachim"]
[Result "1-0"]
[WhiteElo "1868"]
[BlackElo "1806"]
[PlyCount "89"]
[EventDate "2016.??.??"]
[WhiteTeam "SF Deizisau"]
[BlackTeam "Ilmenauer SV"]

1. e4 d5 2. exd5 Qxd5 3. d4 Nf6 4. Nf3 c6 5. h3 e6 6. Bd3 Be7 7. c3 b6 8. Bf4
Ba6 9. O-O Bxd3 10. Qxd3 O-O 11. Nbd2 c5 12. Bxb8 Raxb8 13. Qa6 cxd4 14. Nxd4
e5 15. N4b3 Qb7 16. Qxb7 Rxb7 17. Rfe1 Bd6 18. Nc4 Rd7 19. Nxd6 Rxd6 20. Rxe5
Rfd8 21. Rae1 h6 22. Re7 R8d7 23. Nd4 Kf8 24. Rxd7 Nxd7 25. f3 a6 26. Kf2 Nc5
27. Rd1 Ne6 28. Nxe6+ Rxe6 29. Rd7 b5 30. Rd4 g6 31. c4 bxc4 32. Rxc4 Kg7 33.
b4 f5 34. a4 Rb6 35. b5 axb5 36. Rb4 Ra6 37. axb5 Rb6 38. Ke3 Kf6 39. Kd4 Ke7
40. Kc5 Rb8 41. b6 Rc8+ 42. Kd5 Kd7 43. b7 Rd8 44. Kc5 g5 45. Kb6 1-0

[Event "Int. Stuttgarter Stadtmeisterschaft B"]
[Site "Ditzingen"]
[Date "2016.05.07"]
[Round "5.7"]
[White "Giebler, Kai"]
[Black "Tönjes, Jürgen"]
[Result "0-1"]
[WhiteElo "1789"]
[BlackElo "1838"]
[PlyCount "62"]
[EventDate "2016.??.??"]
[WhiteTeam "TSF Ditzingen"]
[BlackTeam "SF Lilienthal"]

1. e4 d5 2. exd5 Qxd5 3. Nc3 Qa5 4. d4 c6 5. Bc4 Nf6 6. Bd2 Bf5 7. Nd5 Qd8 8.
Nxf6+ exf6 9. c3 Be7 10. Qb3 O-O 11. Qxb7 Nd7 12. Qxc6 Nb6 13. Bb3 Bd6 14.
O-O-O Rc8 15. Qf3 Qd7 16. h3 Rfe8 17. Re1 Rxe1+ 18. Bxe1 Re8 19. Qd1 Qb5 20.
Nf3 Bd3 21. a4 Qa6 22. Bc2 Be2 23. Qd2 Nc4 24. Bd3 Qxa4 25. Bxc4 Qa1+ 26. Kc2
Bxc4 27. Ne5 fxe5 28. dxe5 Qa4+ 29. Kb1 Bxe5 30. f3 Ba2+ 31. Kc1 Bf4 0-1

[Event "Int. Stuttgarter Stadtmeisterschaft B"]
[Site "Ditzingen"]
[Date "2016.05.07"]
[Round "5.8"]
[White "Kelemen, Alexander"]
[Black "Funk, Patrick"]
[Result "1-0"]
[WhiteElo "1723"]
[BlackElo "1793"]
[PlyCount "57"]
[EventDate "2016.??.??"]
[WhiteTeam "SC Weiße Dame Ulm"]
[BlackTeam "Mönchfelder SV"]

1. d4 d5 2. c4 c6 3. Nc3 Nf6 4. e3 e6 5. Nf3 a6 6. b3 Bb4 7. Bd2 Qe7 8. Be2 O-O
9. O-O Bd6 10. Qc2 dxc4 11. bxc4 b5 12. Ne4 Nxe4 13. Qxe4 f5 14. Qc2 Nd7 15. a4
bxa4 16. c5 Bc7 17. Rxa4 e5 18. Qa2+ Kh8 19. Bxa6 e4 20. Ne1 Bxh2+ 21. Kxh2
Qh4+ 22. Kg1 Rf6 23. Bxc8 Rxc8 24. Ra8 Nb8 25. Qa7 Rh6 26. f3 g5 27. Qe7 Qh2+
28. Kf2 g4 29. Qe5+ 1-0

[Event "Int. Stuttgarter Stadtmeisterschaft B"]
[Site "Ditzingen"]
[Date "2016.05.07"]
[Round "5.9"]
[White "Schütz, Uwe"]
[Black "Zimmermann, Tobias"]
[Result "0-1"]
[WhiteElo "1726"]
[BlackElo "1820"]
[PlyCount "64"]
[EventDate "2016.??.??"]
[WhiteTeam "SC Ostfildern"]
[BlackTeam "SC Botnang"]

1. d4 Nf6 2. g3 d5 3. Bg2 e6 4. Nf3 c5 5. e3 Nc6 6. O-O Bd6 7. b3 O-O 8. Bb2 b5
9. Nbd2 c4 10. a4 Ba6 11. axb5 Bxb5 12. Re1 cxb3 13. Nxb3 Ne4 14. Nfd2 Nxd2 15.
Qxd2 f5 16. Ba3 Bxa3 17. Rxa3 Qd6 18. Rea1 Bc4 19. Bf1 e5 20. Bxc4 dxc4 21.
dxe5 Qxe5 22. Nd4 Rfd8 23. Nxc6 Qxa1+ 24. Rxa1 Rxd2 25. Ne7+ Kf8 26. Nxf5 Rxc2
27. Nd4 Rb2 28. Ne6+ Kf7 29. Ng5+ Kg8 30. Ne4 a5 31. Rc1 a4 32. Rxc4 a3 0-1

[Event "Int. Stuttgarter Stadtmeisterschaft B"]
[Site "Ditzingen"]
[Date "2016.05.07"]
[Round "5.10"]
[White "Christ, Marcel"]
[Black "Engelhardt, Frank"]
[Result "1-0"]
[WhiteElo "1708"]
[BlackElo "1807"]
[PlyCount "69"]
[EventDate "2016.??.??"]
[WhiteTeam "SC Ingersheim"]
[BlackTeam "SC Botnang"]

1. d4 Nf6 2. c4 g6 3. Nc3 Bg7 4. f3 O-O 5. e4 d6 6. Be3 Nbd7 7. Be2 c6 8. g4 e5
9. d5 cxd5 10. cxd5 Nb6 11. Rc1 Bd7 12. a4 Rc8 13. b4 a6 14. b5 Nc4 15. Bxc4
Rxc4 16. Qd3 axb5 17. axb5 Rc8 18. Nge2 h5 19. h3 h4 20. Bg5 Qa5 21. Kf2 Rc5
22. Ra1 Qc7 23. b6 Qc8 24. Bxh4 Qd8 25. Kg2 Qe8 26. Rhb1 Nh7 27. Ra7 f5 28.
Rxb7 Qc8 29. Ra7 fxg4 30. hxg4 Bxg4 31. fxg4 Qxg4+ 32. Qg3 Qh5 33. Be7 Rxc3 34.
Nxc3 Rf4 35. Rh1 1-0

[Event "Int. Stuttgarter Stadtmeisterschaft B"]
[Site "Ditzingen"]
[Date "2016.05.07"]
[Round "5.11"]
[White "Ackermann, Hermann"]
[Black "Schmedemann, Jörg"]
[Result "1/2-1/2"]
[WhiteElo "1885"]
[BlackElo "1633"]
[PlyCount "90"]
[EventDate "2016.??.??"]
[WhiteTeam "SC Pforzheim"]
[BlackTeam "SSV Zuffenhausen"]

1. Nf3 Nc6 2. d4 d5 3. Bf4 Nf6 4. h3 e6 5. e3 Bd6 6. Ne5 Bd7 7. Nd2 a6 8. c3
Ne7 9. Bd3 Ng6 10. Bg3 Bb5 11. Bxb5+ axb5 12. a3 O-O 13. O-O c6 14. Qe2 Qc7 15.
Nxg6 hxg6 16. Bxd6 Qxd6 17. Nf3 Ne4 18. Ne5 Qe7 19. Qg4 Nd2 20. Rfd1 Nc4 21.
Rab1 Nxe5 22. dxe5 Ra4 23. Rd4 Rfa8 24. Qe2 Qe8 25. Rg4 Rxg4 26. hxg4 Qe7 27.
g3 f6 28. exf6 gxf6 29. Kg2 Kg7 30. Rh1 Rh8 31. Rxh8 Kxh8 32. Qc2 Kg7 33. a4
Qc5 34. axb5 Qxb5 35. Qd2 Qc4 36. f3 e5 37. Kf2 e4 38. f4 g5 39. f5 c5 40. Qd1
Qa2 41. Qd2 b5 42. Ke2 Kf7 43. Kd1 Qb1+ 44. Ke2 Qa2 45. Kd1 Qb1+ 1/2-1/2

[Event "Int. Stuttgarter Stadtmeisterschaft B"]
[Site "Ditzingen"]
[Date "2016.05.07"]
[Round "5.12"]
[White "Holschke, Christian"]
[Black "Wezel, Sebastian"]
[Result "1-0"]
[WhiteElo "1723"]
[BlackElo "1870"]
[PlyCount "43"]
[EventDate "2016.??.??"]
[WhiteTeam "SC Neckarsulm"]
[BlackTeam "SV Dettingen Erms"]

1. e4 c5 2. Nc3 Nc6 3. f4 g6 4. Bc4 Bg7 5. Nf3 e6 6. O-O Nge7 7. d3 O-O 8. f5
d5 9. Bb3 Na5 10. fxg6 hxg6 11. e5 Nac6 12. Qe1 Qc7 13. Bf4 a6 14. Qh4 Nf5 15.
Qh3 f6 16. Nxd5 exd5 17. Bxd5+ Rf7 18. e6 Qxf4 19. exf7+ Kf8 20. Rae1 Ne3 21.
Qh7 Ne7 22. Qg8+ 1-0

[Event "Int. Stuttgarter Stadtmeisterschaft B"]
[Site "Ditzingen"]
[Date "2016.05.07"]
[Round "5.14"]
[White "Jantos, Stefan"]
[Black "Gheng, Christian"]
[Result "1-0"]
[WhiteElo "1831"]
[BlackElo "1740"]
[PlyCount "33"]
[EventDate "2016.??.??"]
[WhiteTeam "SF Oeffingen"]
[BlackTeam "Schach-Kids Bernhausen"]

1. e4 c5 2. d4 cxd4 3. c3 d3 4. Bxd3 g6 5. Nf3 Bg7 6. O-O d6 7. Qb3 Nf6 8. Bb5+
Nc6 9. e5 Nd7 10. exd6 exd6 11. Re1+ Nde5 12. Bg5 Qc7 13. Nxe5 dxe5 14. Qa3 Bd7
15. Nd2 a6 16. Ne4 Be6 17. Rad1 1-0

[Event "Int. Stuttgarter Stadtmeisterschaft B"]
[Site "Ditzingen"]
[Date "2016.05.07"]
[Round "5.15"]
[White "Stuckel, Marc"]
[Black "Pocrnic, Josip"]
[Result "0-1"]
[WhiteElo "1671"]
[BlackElo "1787"]
[PlyCount "102"]
[EventDate "2016.??.??"]
[WhiteTeam "SGem Vaihingen-Rohr"]
[BlackTeam "SF Conweiler"]

1. Nf3 Nf6 2. c4 e6 3. g3 b6 4. Bg2 Bb7 5. O-O Be7 6. Nc3 c5 7. e3 O-O 8. b3
Nc6 9. Bb2 Nb4 10. d3 d5 11. Qe2 dxc4 12. dxc4 Qd3 13. Rfd1 Qxe2 14. Nxe2 Rfd8
15. a3 Nc6 16. Nc3 Na5 17. Nd2 Bxg2 18. Kxg2 Rxd2 19. Rxd2 Nxb3 20. Rd3 Nxa1
21. Bxa1 h5 22. e4 Rd8 23. Rxd8+ Bxd8 24. f3 Nd7 25. f4 Nb8 26. Kf2 Nc6 27. Nd1
Na5 28. Ne3 g5 29. Bc3 gxf4 30. gxf4 Nc6 31. f5 Bg5 32. Ke2 Bxe3 33. Kxe3 e5
34. Kf3 Nd4+ 35. Kg2 Kg7 36. Kh3 Kh6 37. Bd2+ Kg7 38. Bc1 f6 39. Kh4 Nc6 40.
Be3 Na5 41. Kxh5 Nxc4 42. Bc1 Nd6 43. Kg4 Nxe4 44. Kf3 Nd6 45. Kg4 Nf7 46. Kf3
Nd6 47. Kg4 Kh7 48. h4 a6 49. Be3 Nc4 50. Bc1 b5 51. Kf3 b4 0-1